000
00308nam a2200133Ia 4500
008
191201s2010 xx 000 0 und d
082
_a
658.007
_b
MUR
100
_a
MUSTAFA,A
245
0
_a
Research Methodology
260
_a
N. delhi
_b
AITBS Pub.
_c
2010
300
_a
251
650
_a
BBA
942
_2
ddc
_c
BK
_0
1
999
_c
4903
_d
4903